Statistics for Monarchs of the United Kingdom

Click here to take the quiz!

General Stats

  • This quiz has been taken 37 times
    (31 since last reset)
  • The average score is 10 of 13

Answer Stats

No.ReignTitleAnswer% Correct
132022—presentKingCharles III
97%
121952—2022QueenElizabeth II
93%
71837—1901QueenVictoria
93%
91910—1936KingGeorge V
79%
81901—1910KingEdward VII
76%
101936 (abdicated)KingEdward VIII
76%
21714—1727KingGeorge I
76%
31727—1760KingGeorge II
76%
41760—1820KingGeorge III
76%
111936—1952KingGeorge VI
76%
11707—1714QueenAnne
72%
51820—1830KingGeorge IV
72%
61830—1837KingWilliam IV
38%

Score Distribution

Percentile by Number Answered

Percent of People with Each Score

Your Score History

You have not taken this quiz since the last reset